| 000 | nam a22 7a 4500 | ||
|---|---|---|---|
| 999 |
_c18452 _d18452 |
||
| 008 | 161220b xxu||||| |||| 00| 0 eng d | ||
| 020 | _a0443008442 | ||
| 050 | _aRC46 .P75 1968 | ||
| 100 | _aDavidson, Stanley | ||
| 245 |
_aThe principles and practice of medicine : _ba textbook for students and doctors/ _cStanley Davidson and John Macleod. |
||
| 250 | _a10th ed. | ||
| 260 |
_aBaltimore : _bThe Williams and Wilkins Company, _c1968. |
||
| 300 |
_axxii, 1196p. : _bill. ; |
||
| 500 | _aIncludes index. | ||
| 650 | _aInternal medicine. | ||
| 650 |
_aMedicine _xpractice. |
||
| 650 | _aMedicine. | ||
| 700 | _aMacleod, John | ||
| 942 |
_2lcc _cBOOKS _hRC46 .P75 1968 |
||